| 000 | 00355nam a2200145Ia 4500 | ||
|---|---|---|---|
| 008 | 191201s2019 xx 000 0 und d | ||
| 082 |
_a677.024 _bGUW |
||
| 100 | _aGUPTA,R.Sen | ||
| 245 | 0 | _aWeaving Calculations an Up to Date | |
| 250 | _a6th Rep | ||
| 260 |
_aBombay _bD.B Taraporevala _c977 |
||
| 300 | _a346 | ||
| 650 | _aB.Tech(TE) | ||
| 942 |
_2ddc _cBK |
||
| 999 |
_c4517 _d4517 |
||